Every Song by Oceans Ate Alaska - Statistics

General Stats
  • This quiz has been taken 3 times
  • The average score is 31 of 45
Answer Stats
Album Song % Correct
Disparity(2022) Disparity
100%
Hikari(2017) Hikari
100%
Lost Isles(2015) Lost Isles
100%
Lost Isles(2015) Mirage
100%
Hikari(2017) Benzaiten
67%
Hikari(2017) Birth-Marked
67%
Lost Isles(2015) Blood Brothers
67%
Into the Deep(2012) Blue Lungs
67%
Into the Deep(2012) Clocks
67%
Hikari(2017) Covert
67%
Disparity(2022) Dead Behind the Eyes
67%
Hikari(2017) Deadweight
67%
Lost Isles(2015) Downsides
67%
Disparity(2022) Empty Space
67%
Non-Album(2024) Endless Hollow
67%
Lost Isles(2015) Entity
67%
Hikari(2017) Entrapment
67%
Lost Isles(2015) Equinox (Interlude)
67%
Hikari(2017) Escapist
67%
Lost Isles(2015) Floorboards
67%
Lost Isles(2015) Fourthirtytwo (Intro)
67%
Hikari(2017) Hansha
67%
Lost Isles(2015) High Horse
67%
Into the Deep(2012) Hunting Season
67%
Into the Deep(2012) Intro: The Deep
67%
Into the Deep(2012) I, the Creator
67%
Lost Isles(2015) Linger
67%
Disparity(2022) Metamorph
67%
Disparity(2022) New Dawn
67%
Disparity(2022) Nova
67%
Lost Isles(2015) Over the Edge
67%
Disparity(2022) Paradigm
67%
Lost Isles(2015) Part of Something
67%
Disparity(2022) Plague Speech
67%
Hikari(2017) Sarin
67%
Disparity(2022) Shallow Graves
67%
Disparity(2022) Sol
67%
Into the Deep(2012) Taming Lions
67%
Into the Deep(2012) To Catch a Flame
67%
Hikari(2017) Ukiyo
67%
Hikari(2017) Veridical
67%
Lost Isles(2015) Vultures and Sharks
67%
Into the Deep(2012) X-Ray Eyes
67%
Disparity(2022) Halluciongen
33%
Into the Deep(2012) No Strings
33%
No matching quizzes found
Score Distribution
Percent of People with Each Score
Percentile by Number Answered
Your Score History
You have not taken this quiz